|
|
|
|
| LEADER |
00841nam a2200205Ia 4500 |
| 001 |
CTU_44096 |
| 008 |
210402s9999 xx 000 0 und d |
| 082 |
|
|
|a 633.34
|
| 082 |
|
|
|b H307t/1993
|
| 088 |
|
|
|a 60420201
|
| 100 |
|
|
|a Nguyễn, Hữu Hiệp
|
| 245 |
|
0 |
|a Phát triển môi trường tổng hợp cho Bradyrhizobium cộng sinh với đậu nành :
|
| 245 |
|
0 |
|b Luận văn Thạc sỹ. Chuyên ngành: Công nghệ sinh học
|
| 245 |
|
0 |
|c Nguyễn Hữu Hiệp
|
| 260 |
|
|
|a Cần Thơ
|
| 260 |
|
|
|b Trường Đại Học Cần Thơ - Khoa Công Nghệ Sinh Học
|
| 260 |
|
|
|c 1993
|
| 650 |
|
|
|a bradyrhizobium japonicum,field crops,soybean, effect of nitrogen on
|
| 904 |
|
|
|i Nguyễn Quang Điền, 010911
|
| 980 |
|
|
|a Trung tâm Học liệu Trường Đại học Cần Thơ
|